MDQL
is popping MORE tags! Check the
thread
!
Quizzes
Events
Quiz Creation
Community
Videos
Private Events
Remove Ads
Sign In
Join for FREE
Feedback
Dark Mode
Quiz Categories
Sports
Geography
Music
Movies
Television
Just For Fun
Miscellaneous
History
Literature
Language
Science
Gaming
Entertainment
Religion
Holiday
For Kids
Quiz Lab
Recent
Popular Today
Quiz Kudos Today
Editor Picks
Curator Picks
Quizzes by...
Day
Popularity
Type
Ratings
Length
Year
Community
Subscriptions
Recent Discussions
Orange Saloon
Badges
Playlists
Quests
Create
Leaderboards
Showdown
Live 5
Trivia Bingo
Activity
Puzzle Library
Sporcle Events
Private Events
Virtual Trivia
Globe League
Become a Host
Pub Owners
SporcleCon
Opinionation
Our Games
Videos
Blog
Mobile Apps
Partnerships
Remove Ads and Go Orange
Feedback
Music
Pop Music
The Beatles
Song
Album
Lyrics
Bands
Singers
Artist
Clip
Rock
Rap
Classical
Billboard
Country Music
Kpop
Taylor Swift
Music
Pop Music
The Beatles
Song
Album
Lyrics
Bands
Singers
Artist
Clip
Rock
Rap
Classical
Billboard
Country Music
Kpop
Taylor Swift
Random Quiz
Search Sporcle
×
Quiz Lab
Quiz Lab
Music
Clip
Type in answers that appear in a list
Type in answers that appear in a list
Classic
Best Score? Go Orange.
Manic Street Preachers: Every Single (Clips) Stats
Can you name the songs given in these clips?
By
JasonVoorhees
20m
48 Questions
41 Plays
41 Plays
41 Plays
Comments
Comments
Give Quiz Kudos
Give Quiz Kudos
-
- Ratings
hide this ad
Replay
Link that replays current quiz
Next Quiz
Link to next quiz in quiz playlist
You Got
0%
They Got
Avg Score
77%
Avg Friend Score
Upgrade to see
Score Distribution
Jump to the score distribution portion of the page
Score
0/48
Timer
20:00
0
Plays Today
Time
Song
% Correct
1:20
Motorcycle Emptiness
95.1%
0:24
Faster
92.7%
0:51
If You Tolerate This Your Children Will Be Next
92.7%
7:06
A Design for Life
92.7%
1:30
Little Baby Nothing
90.2%
3:03
Australia
90.2%
3:37
Kevin Carter
90.2%
0:33
Ocean Spray
87.8%
2:54
Theme From M.A.S.H. (Suicide Is Painless)
87.8%
5:24
You Stole the Sun from My Heart
87.8%
6:19
Everything Must Go
87.8%
6:56
You Love Us
87.8%
2:43
Motown Junk
85.4%
3:12
Revol
85.4%
3:56
Slash 'n' Burn
85.4%
4:47
Your Love Alone Is Not Enough (ft. Nina Persson)
85.4%
6:02
The Everlasting
85.4%
6:37
La Tristesse Durera (Scream to a Sigh)
85.4%
3:46
Tsunami
82.9%
4:23
Autumnsong
82.9%
5:34
She Is Suffering
82.9%
5:52
From Despair to Where
82.9%
2:34
Stay Beautiful
80.5%
3:29
The Love of Richard Nixon
80.5%
Time
Song
% Correct
0:07
(It's Not War) Just the End of Love
78%
6:46
The Masses Against the Classes
78%
1:10
Walk Me to the Bridge
75.6%
4:31
So Why So Sad
75.6%
4:39
Roses in the Hospital
75.6%
4:57
Found That Soul
75.6%
5:06
Indian Summer
75.6%
1:50
Let Robeson Sing
70.7%
3:21
Suicide Alley
70.7%
4:13
Futurology
70.7%
5:42
Love's Sweet Exile
70.7%
6:11
There by the Grace of God
70.7%
0:00
Together Stronger (C'mon Wales)
68.3%
1:01
Show Me the Wonder
68.3%
5:14
Postcards from a Young Man
68.3%
4:04
Empty Souls
65.9%
0:16
Further Away
63.4%
6:29
Nobody Loved You
63.4%
0:41
Anthem for a Lost Cause
61%
1:59
Some Kind of Nothingness (ft. Ian McCulloch)
61%
2:14
This Is the Day
61%
2:07
Underdogs
51.2%
1:40
The Ghosts of Christmas
46.3%
2:24
UK Channel Boredom
43.9%
Quiz Playlist
Details
Report
Send in Message
Add To Playlist
Classic:
Type in answers that appear in a list
Quiz Source
Last Updated: Feb 16, 2017
Quiz Scoreboard
CHALLENGE
Sign Up to Join the Scoreboard
Show All
Scores
Hide
Comments
May contain spoilers
Recently Published
1-10 Letter E Words III
by El_Dandy
Language
2m
Street Fighter Characters
by Artimus82
Gaming
60s
College Basketball Coaching Resumes
by pancakes188
Sports
9m
More to Explore
Quiz From the Vault
Featured Blog Post
Where Did the Easter Bunny Come From?
hide this ad
You Might Also Like...
Tags
Artist Quiz
Bands Quiz
Clip Quiz
Rock Quiz
Song Quiz
Manic Street Preachers
Single
Today's Top Quizzes in Music
Browse Music
hide this ad
Today's Top Quizzes in Clip
Browse Clip
Top Contributed Quizzes in Music
1
Taylor Swift All Songs (2024)
2
Taylor Swift Logic Puzzle
3
Guess the Artist- 70s Songs
4
7-to-1: Billboard Hot 100 #1 Hits of 2010s
5
Sorting Albums and Songs
6
KPOP LOGIC QUIZ
7
Billboard Blitz: Aretha Franklin
8
Guess the Taylor Swift song (Mystery Song)
9
Guess The Taylor Swift Lyrics Song #1
10
Billboard Blitz: ABBA
Explore More
Trending Topics
Harry Potter
Crossword
Kpop
Anime
Marvel
Disney
NBA
Country
Song
Puzzle
Soccer
NFL
WWE
Pokémon
The Office
hide this ad
More By:
JasonVoorhees
Quiz
Plays
Rating
Category
Featured
Created
True or False: Billboard #1 Albums
15,280
4.60
Music
Oct 30, 2016
'Times Like These' Lyrics
7,166
4.86
Music
Oct 26, 2016
Missing Word: Weezer (A-Z)
4,630
4.50
Just For Fun
Aug 16, 2016
U.S. States by Capital (Map Click)
3,017
4.43
Geography
Dec 24, 2016
Odd One Out: Rock Band Members
2,536
4.72
Music
Nov 7, 2016
Go to Creator's Profile
Score Distribution
Quiz Creator Spotlight
JasonVoorhees
Follow
Send a Message
Quizzes Created
-
Created Quiz Play Count
-
More By This Creator
Popular Quizzes Today
1
Find the US States - No Outlines Minefield
2
Find the Countries of Europe - No Outlines Minefield
3
The Countries of the World
4
Find the US States
5
Risky Map Clicking: Biggest States A-Z
6
US States
7
Popular People in 1961
8
Movies - When Are They Set?
More Music Quizzes
Artist by Popular Spotify Songs XVIII
Published
Trending Quizzes
Risky Map Clicking: Least Populous States A-Z
USA Borders Longest to Shortest
1-10 Letter G Words
1-10 Letter F Words
Countries of the World: 200 Million BC
Recently Updated
Beyoncé Albums
pecheneg
Leaping Animals
pecheneg
Reality TV Shows (A-Z)
bhenderson79
Rickey Henderson's Hall of Fame Teammates
pecheneg
Champions League XIs: Arsenal
pecheneg
Quick Pick: Celebrities in WWE's Hall of Fame
aduchscher
A-Z Keypad Blitz II
pecheneg
Multiple Oscar Actors
pecheneg
Mystery Phrase Blitz: Oscar 'Best Actors'
pecheneg
F. Scott Fitzgerald Novels
LTH
Trending Topics
Crossword
NBA
Kpop
Anime
Harry Potter
Marvel
Disney
The Office
Soccer
Puzzle
WWE
Pokémon
Country
Song
NFL
Your Account Isn't Verified!
In order to create a playlist on Sporcle, you need to verify the email address you used during registration. Go to your
Sporcle Settings
to finish the process.
Report this User
Report this user for behavior that violates our
Community Guidelines
.
Details:
Send Report
Go to the Sporcle.com Mobile Site →
Comments